000 00284nam a2200121Ia 4500
008 241002s9999 xx 000 0 und d
082 _a181.4 SHA
100 _aSharma, I.C
245 0 _aEthical Philosophies of India
260 _aLondon:
_c1965
600 _aPhilosophy
942 _cUC
999 _c18395
_d18395